Statistics for Football by Letter - F

Click here to take the quiz!

General Stats

  • This quiz has been taken 61 times
  • The average score is 12 of 15

Answer Stats

HintAnswer% Correct
'The Garibaldi we made in pride was made in 1865'
English club that managed to win the European Cup twice in a row in 1979 & 80
Nottingham {Forest}
100%
The abbreviation for the Internation Football Association that hosts the World CupFIFA
94%
'Allez les bleus, allez!'
Vegedream wrote this song to celebrate this nation's winning of the Russian World Cup
France
94%
Portuguese winger who has played for both Barcelona and Real MadridLuís {Figo}
94%
English centre back who was a record signing for Manchester UnitedRio {Ferdinand}
94%
Nicknamed Bobby by Liverpool fans, this Brazilian forward is going to leave Liverpool at the end of 2022/23 seasonRoberto {Firmino}
94%
De Grote Drie (The Big Three) of NetherlandsAjax, PSV Eindhoven, {Feyenoord}
91%
Nicknamed the Cottagers, this West London club has played in Craven Cottage since 1896Fulham
87%
The Italian city that Fiorentina is based inFlorence
83%
French centre back who Chelsea signed from Leicester City for £75m in 2022Wesley {Fofana}
81%
Brazilian midfielder whom Liverpool signed from AS Monaco in 2018Fabinho
75%
Portuguese youngster whom Arsenal announced his signing in an acrostic way
(Google acrostic if you are not sure)
{Fábio} Vieira
66%
Brazilian rivalry of Fla-Flu (ngl a weird name)Flamengo
66%
The most trustworthy and reliable football journalist{Fabrizio} Romano
64%
Brazilian rivalry of Fla-Flu (ngl a weird name)Fluminense
55%

Score Distribution

Percentile by Number Answered

Percent of People with Each Score

Your Score History

You have not taken this quiz